[Event "FSFMB July 2012"]
[Site "Budapest HUN"]
[Date "2012.07.17"]
[Round "11.2"]
[White "Prohaszka,Gyula Imre"]
[Black "Gruz,J"]
[Result "0-1"]
[WhiteElo "1260"]
[BlackElo "1868"]

1.d4 d5 2.c4 e6 3.Nf3 c6 4.Nc3 Nf6 5.Bf4 dxc4 6.e3 b5 7.a4 Qb6 8.Ne5 Nd5
9.Nxd5 cxd5 10.axb5 Bb4+ 11.Ke2 Qxb5 12.Qa4 Qxa4 13.Rxa4 a5 14.Kf3 f6 15.Bxc4 fxe5
16.Bb5+ Bd7 17.Bxd7+ Nxd7 18.Bxe5 Nxe5+ 19.dxe5 Kd7 20.Rc1 Rhc8 21.Rxc8 Rxc8
22.Ra1 Rc2 23.Rb1 Kc6 24.b3 Kb5 25.g4 Bc3 26.h4 Rb2 27.Rxb2 Bxb2 28.g5 Kb4
29.h5 Kxb3 30.Kg4 Bxe5 31.f4 Bc3 32.f5 exf5+ 33.Kxf5 a4  0-1

[Event "23rd Czech Open A"]
[Site "Pardubice CZE"]
[Date "2012.07.20"]
[Round "1"]
[White "Nabaty,T"]
[Black "Umanec,F"]
[Result "1-0"]
[WhiteElo "2582"]
[BlackElo "2303"]

1.Nf3 d5 2.c4 e6 3.d4 c6 4.Qb3 Nf6 5.Nc3 dxc4 6.Qxc4 b5 7.Qd3 a6 8.e4 c5
9.e5 c4 10.Qc2 Nd5 11.a4 Bb7 12.axb5 Nxc3 13.bxc3 axb5 14.Rxa8 Bxa8 15.Be2 Be7
16.O-O O-O 17.Nd2 Bd5 18.f4 g6 19.Ne4 Nc6 20.Be3 Qa5 21.Nf6+ Bxf6 22.exf6 Qd8
23.Rb1 Qxf6 24.Rxb5 Ne7 25.Bc1 Nf5 26.Ba3 Nxd4 27.cxd4 Qxd4+ 28.Kf1 Qxf4+
29.Ke1 Rd8 30.g3 Qd4 31.Bc5 Qa1+ 32.Rb1 Qa5+ 33.Bb4 Qa7 34.Kf1 Qe3 35.Rd1 h5
36.Be1 h4 37.Bf2 Qe5 38.Bf3 Rb8 39.Bxd5 exd5 40.Bd4 Qh5 41.Qe2 Qxe2+ 42.Kxe2 hxg3
43.hxg3 f5 44.Be5 Rb5 45.Ke3 g5 46.Kd4 Rb3 47.Rf1 Rd3+ 48.Kc5 f4 49.gxf4 gxf4
50.Rxf4 c3 51.Rf1 c2 52.Rc1 Rd2 53.Bd4 Kf7 54.Kxd5 Kg6 55.Ke4 Kf7 56.Be3 Rg2
57.Kf3 Rh2 58.Bf2 Ke6 59.Rxc2 Kd5 60.Rc5+ Kd6 61.Ra5 Kc6 62.Bd4 Rh4 63.Ke3 Rg4
64.Kd3 Rh4 65.Kc4 Rh1 66.Ra6+ Kb7 67.Rg6 Rh7 68.Kb5 Kc7 69.Ra6 Rh1 70.Be5+ Kd7
71.Kc5 Rd1 72.Bd4 Ke7 73.Kd5 Kf7 74.Rf6+ Ke7 75.Rf3 Rd2 76.Rg3 Kf8 77.Rg4 Rh2
78.Ke6 Re2+ 79.Be5 Re1 80.Rg2 Re3 81.Rh2  1-0

[Event "XIV ch-Gdansk Int 2012"]
[Site "Gdansk POL"]
[Date "2012.07.23"]
[Round "3.3"]
[White "Grabarczyk,M"]
[Black "Olejarczyk,B"]
[Result "1-0"]
[WhiteElo "2442"]
[BlackElo "2117"]

1.d4 d5 2.c4 c6 3.Nf3 Nf6 4.Nc3 e6 5.Qb3 Nbd7 6.Bg5 Be7 7.e3 O-O 8.Bd3 c5
9.O-O cxd4 10.exd4 dxc4 11.Bxc4 Nb6 12.Bd3 Bd7 13.Ne5 Rc8 14.a4 Bc6 15.a5 Nbd5
16.a6 Rb8 17.axb7 Rxb7 18.Qc2 Nb4 19.Nxc6 Nxc6 20.Bxf6 Bxf6 21.Bxh7+ Kh8
22.Be4 Qd6 23.Ra6 Rc8 24.d5 exd5 25.Nxd5 Rbc7 26.Qd3  1-0

[Event "11th Braunau Open A"]
[Site "Ranshofen AUT"]
[Date "2012.08.05"]
[Round "3.6"]
[White "Okhotnik,V"]
[Black "Chandra,Akshat"]
[Result "1-0"]
[WhiteElo "2423"]
[BlackElo "2254"]

1.d4 Nf6 2.Nf3 d5 3.c4 e6 4.Nc3 c6 5.Bf4 dxc4 6.e3 b5 7.a4 Bb4 8.axb5 cxb5
9.Bxb8 Rxb8 10.Rxa7 Nd5 11.Qa1 O-O 12.Be2 Bb7 13.O-O Qb6 14.Nxd5 Bxd5 15.Ra6 Qb7
16.Ra7 Qb6 17.Ne5 Ra8 18.Rxa8 Rxa8 19.Qb1 f6 20.Ng4 f5 21.Ne5 Be4 22.Qc1  1-0

[Event "16th HZ Open"]
[Site "Vlissingen NED"]
[Date "2012.08.05"]
[Round "2"]
[White "Esen,B"]
[Black "Franssen,Jeroen"]
[Result "1-0"]
[WhiteElo "2587"]
[BlackElo "2163"]

1.d4 d5 2.c4 c6 3.Nf3 Nf6 4.Nc3 e6 5.Qb3 Nbd7 6.Bg5 h6 7.Bh4 Be7 8.e3 O-O
9.Bd3 b6 10.cxd5 exd5 11.O-O Bb7 12.Rac1 Ne4 13.Bg3 Ndf6 14.Rfd1 Bd6 15.Bh4 g5
16.Bg3 Qe7 17.Bxd6 Nxd6 18.Ne2 Nfe4 19.Ng3 Rac8 20.Bxe4 Nxe4 21.Nxe4 dxe4
22.Ne5 Rfd8 23.Qa4 c5 24.Qxa7 cxd4 25.Rxc8 Rxc8 26.exd4 Qc7 27.Qa3 Bd5 28.Ng4 Kg7
29.Ne3 Qd7 30.b3 b5 31.Rc1 Be6 32.Rxc8 Qxc8 33.d5 Bd7 34.Qb2+ f6 35.h3 Qc5
36.b4 Qa7 37.Qc2 f5 38.Qc3+ Kg6 39.Qh8 Qxa2 40.Qc3  1-0

[Event "II Brazil Maringa Open"]
[Site "Maringa BRA"]
[Date "2012.08.10"]
[Round "4.18"]
[White "Rios Filho,H"]
[Black "Broday,Gabriel Renan"]
[Result "1-0"]
[WhiteElo "2212"]
[BlackElo "2028"]

1.d4 d5 2.Nf3 Nf6 3.c4 c6 4.Qb3 e6 5.Nc3 Nbd7 6.g3 Be7 7.Bg2 O-O 8.O-O b6
9.Rd1 Bb7 10.cxd5 cxd5 11.Bf4 a6 12.Rd2 Rc8 13.a4 Rc4 14.Ne1 Rc8 15.Rc1 h6
16.Rdc2 Ne5 17.Bxe5 Nd7 18.Bf4 g5 19.Bd2 f5 20.Na2 Rxc2 21.Rxc2 Bd6 22.Bf1 f4
23.Bh3 fxg3 24.hxg3 Qf6 25.Qe3 Re8 26.Bb4 Bb8 27.Nc1 Nf8 28.Ncd3 Ng6 29.Bc3 Qf7
30.Rc1 Rc8 31.Bf1 h5 32.f3 Rd8 33.Bd2 Bxg3 34.Bc3 Bb8 35.Ne5 Bxe5 36.dxe5  1-0

[Event "113th US Open 2012"]
[Site "Vancouver USA"]
[Date "2012.08.12"]
[Round "9"]
[White "Gurevich,D"]
[Black "Mulyar,M"]
[Result "1-0"]
[WhiteElo "2468"]
[BlackElo "2378"]

1.d4 d5 2.c4 c6 3.Nf3 Nf6 4.Nc3 e6 5.Qb3 dxc4 6.Qxc4 b5 7.Qd3 a6 8.e4 c5
9.e5 Nd5 10.dxc5 Bxc5 11.Nxd5 Qxd5 12.Qxd5 exd5 13.Bd3 Be6 14.Bd2 b4 15.a3 bxa3
16.b4 Be7 17.Nd4 Nd7 18.f4 Nb6 19.Ke2 Nc4 20.Nxe6 fxe6 21.Bxc4 dxc4 22.Rhc1 Kf7
23.Rxc4 a5 24.bxa5 Rhb8 25.Bc3 g5 26.fxg5 Rc8 27.Kd3 Rxc4 28.Kxc4 Rc8+ 29.Kb3 Rb8+
30.Ka4 Rc8 31.Be1 Kg6 32.a6 Kxg5 33.Bb4  1-0

[Event "III Sarkany-Aranytiz GM"]
[Site "Budapest HUN"]
[Date "2012.08.19"]
[Round "2.3"]
[White "Illner,A"]
[Black "Fodor,T jr"]
[Result "1/2-1/2"]
[WhiteElo "2463"]
[BlackElo "2503"]

1.Nf3 d5 2.d4 Nf6 3.c4 e6 4.Nc3 c6 5.Qb3 Bd6 6.Bg5 h6 7.Bh4 Nbd7 8.e3 O-O
9.Rd1 a6 10.Bg3 Bxg3 11.hxg3 Qc7 12.cxd5 exd5 13.Bd3 Ng4 14.Bf5 Ndf6 15.Bxg4 Bxg4
16.Rc1 Bxf3 17.gxf3 Rfe8 18.Kf1 Re7 19.Kg2 Rae8 20.Ne2 Qd7 21.Qc2 Nh7 22.g4 Re6
23.Nf4 Rf6 24.Nh5 Rg6 25.Nf4 Rf6 26.Nh5 Rg6 27.Nf4  1/2-1/2

[Event "EY Boys U16 2012"]
[Site "Prague CZE"]
[Date "2012.08.24"]
[Round "8.51"]
[White "Pricopie,S"]
[Black "Adamciak,Tomas"]
[Result "1-0"]
[WhiteElo "1616"]
[BlackElo "1839"]

1.d4 d5 2.c4 c6 3.Nc3 Nf6 4.Nf3 e6 5.Bf4 dxc4 6.e4 b5 7.Bg5 h6 8.Bxf6 Qxf6
9.a3 Bb7 10.Be2 Nd7 11.O-O g6 12.h3 Bg7 13.Qd2 O-O 14.e5 Qe7 15.Nh2 a6 16.f4 c5
17.d5 exd5 18.Nxd5 Bxd5 19.Qxd5 Nb6 20.Qd2 Na4 21.Qc2 Kh7 22.Bxc4 Nb6 23.Bd3 Nd5
24.Rae1 c4 25.Be4 Qc5+ 26.Qf2 Qxf2+ 27.Rxf2 Rad8 28.Rd1 Ne3 29.Re1 Nd5 30.g3 f6
31.Nf3 f5 32.Bc2 Rf7 33.Rfe2 Bf8 34.Bb1 c3 35.Rd1 Rfd7 36.b4 Nxf4 37.Rxd7+ Rxd7
38.gxf4 a5 39.bxa5 Bxa3 40.Bc2 Bc5+ 41.Kg2 b4 42.e6 Ra7 43.Bb3 Be7 44.Ra2 Ra6
45.Bc4 Kg7 46.Nd4 Rd6 47.Nb3  1-0

[Event "40th Olympiad Open"]
[Site "Istanbul TUR"]
[Date "2012.08.29"]
[Round "2.18"]
[White "Gonzalez Zamora,J"]
[Black "Adly,A"]
[Result "0-1"]
[WhiteElo "2553"]
[BlackElo "2602"]

1.d4 d5 2.Nf3 Nf6 3.c4 e6 4.Nc3 c6 5.Qb3 Bd6 6.Bg5 Nbd7 7.e3 Qa5 8.Bd3 Ne4
9.Bf4 Bxf4 10.exf4 dxc4 11.Bxc4 Nb6 12.O-O Nf6 13.Bd3 O-O 14.Rfe1 Nbd5 15.g3 Qb6
16.Bc4 Rd8 17.Qc2 Qb4 18.Bb3 Bd7 19.a3 Qd6 20.Rad1 Rac8 21.Ne5 Be8 22.Ne4 Nxe4
23.Qxe4 Rc7 24.Qf3 Re7 25.Nc4 Qc7 26.Ne3 Nf6 27.f5 e5 28.dxe5 Rxe5 29.Ng4 Nxg4
30.Qxg4 Qe7 31.Rxe5 Rxd1+ 32.Bxd1 Qxe5 33.Qe2 Qxe2 34.Bxe2 f6 35.f4 Kf8 36.Kf2 Ke7
37.Ke3 Kd6 38.Kd4 c5+ 39.Kc3 Bd7 40.g4 a5 41.Bd1 b5 42.a4 bxa4 43.Be2 h5
44.gxh5 Bxf5 45.Bd1 Bd7 46.Kc4 Be6+ 47.Kc3 Bb3 48.Bf3 Ke7 49.Be2 Ke6 50.Bg4+ Kf7
51.Be2 Kf8 52.Bd3 Kf7 53.Be2 Ke7 54.Bf3 Kf7 55.Be2 Ke6 56.Bg4+ Kd6 57.Be2 Bd5
58.Bd1 Bc6 59.Kc4 Bd7 60.Kc3 Bb5 61.Bf3 Bc6 62.Bd1 Be8 63.Kc4 Bd7 64.Kc3 Bc6
65.Kc4 Bd5+ 66.Kc3 Be4 67.Kc4 Ke6 68.Bg4+ Kd6 69.Bd1 Bg2 70.Bxa4 Bf1+ 71.Kc3 Be2
72.h6 gxh6 73.Bc2 Kd5 74.Bf5 c4 75.Bc2 Bg4 76.Bg6 f5 77.Bf7+ Ke4 78.Bxc4 Kxf4
79.Kd2 Kf3 80.Ke1 Kg2 81.Bf1+ Kg1 82.h3 Bh5 83.Bd3 f4  0-1

[Event "40th Olympiad Women"]
[Site "Istanbul TUR"]
[Date "2012.09.01"]
[Round "5.45"]
[White "Jalloul,M"]
[Black "Gjergji,R"]
[Result "1-0"]
[WhiteElo "1923"]
[BlackElo "1924"]

1.d4 d5 2.c4 c6 3.Nc3 Nf6 4.Nf3 e6 5.Bf4 Nbd7 6.Rc1 Be7 7.e3 Nh5 8.Bg3 Nxg3
9.hxg3 Bd6 10.Bd3 dxc4 11.Bxc4 b5 12.Bb3 Bb7 13.a3 Rc8 14.Qd3 Nf8 15.Ne4 Be7
16.Qe2 Nd7 17.Nfd2 Nf6 18.Nxf6+ Bxf6 19.Ne4 a6 20.Nc5 Qe7 21.Qd3 h6 22.Qe4 a5
23.f4 a4 24.Bd1 Ba8 25.Bf3 Qd6 26.Rc3 Ke7 27.Kf2 g5 28.Qc2 Bg7 29.Ne4 Qc7
30.fxg5 f5 31.gxf6+ Bxf6 32.Rh5 Rcf8 33.Rxb5 h5 34.Nxf6 Rxf6 35.Re5 h4 36.gxh4 Rxh4
37.Qxa4 Bb7 38.Qb4+ Ke8 39.Rb3 Qxe5 40.dxe5  1-0

[Event "FIDE WGP Ankara 2012"]
[Site "Ankara TUR"]
[Date "2012.09.23"]
[Round "7"]
[White "Zhao Xue"]
[Black "Muzychuk,A"]
[Result "1/2-1/2"]
[WhiteElo "2549"]
[BlackElo "2606"]

1.d4 d5 2.c4 c6 3.Nf3 Nf6 4.Qb3 e6 5.Nc3 Nbd7 6.Bf4 a5 7.cxd5 exd5 8.e3 Nh5
9.Bd3 Nxf4 10.exf4 Bd6 11.g3 O-O 12.O-O Re8 13.Rfe1 Rxe1+ 14.Rxe1 Nf6 15.Na4 b5
16.Nc5 Bxc5 17.dxc5 Bd7 18.Qc3 Qf8 19.Ne5 Qc8 20.h4 Qc7 21.Kg2 a4 22.Bc2 Re8
23.b4 Qc8 24.f3 h5 25.a3 Be6 26.Kf2 d4 27.Qxd4 Bb3 28.Bd3 Rd8 29.Qe3 Qh3
30.Bf1 Qe6 31.Kg1 Qd5 32.Qf2 Nd7 33.Bh3 Nxe5 34.fxe5 Qd3 35.Qe3 Be6 36.Bxe6 fxe6
37.Kf2 Qc4 38.Qe4 Rd4 39.Qxc6 Rd2+ 40.Kg1 Qd4+ 41.Kh1 Qf2 42.Qe8+ Kh7 43.Qxh5+ Kg8
44.Qe8+ Kh7 45.Qh5+ Kg8  1/2-1/2

[Event "21st TCh-CRO 1b 2012"]
[Site "Sibenik CRO"]
[Date "2012.09.26"]
[Round "4.4"]
[White "Radocaj,D"]
[Black "Segovic,G"]
[Result "1/2-1/2"]
[WhiteElo "2316"]
[BlackElo "2170"]

1.d4 d5 2.c4 c6 3.Nf3 Nf6 4.Nc3 e6 5.Qb3 Nbd7 6.Bg5 Be7 7.e3 b6 8.Be2 Bb7
9.O-O O-O 10.a4 a6 11.c5 b5 12.axb5 axb5 13.Rfc1 Ne4 14.Rxa8 Bxa8 15.Bxe7 Qxe7
16.Qc2 Nxc3 17.Qxc3 Bb7 18.Ra1 Ra8 19.Rxa8+ Bxa8 20.Qa5 Qe8 21.Ne5 Nxe5 22.dxe5 Qb8
23.f4 Kf8 24.Kf2 Ke7 25.Bd3 g6 26.g4 Kd7 27.g5 Bb7 28.Ke2 Qa8 29.Qxa8 Bxa8
30.Kd2 Bb7 31.Kc3 Kc7 32.h4 Bc8 33.Be2 Bd7 34.h5 Be8 35.hxg6 hxg6 36.Kb4 Bd7
37.Ka5 Be8 38.Ka6 Bd7 39.Bd3 Bc8+ 40.Ka5 Bd7 41.Be2 Be8 42.Kb4 Bd7 43.Kc3 Kd8
44.e4 dxe4 45.Kd4 Ke7 46.Kxe4 Be8 47.Kd4 Bd7 48.Kc3 Kd8 49.Bd1 Be8 50.Bb3 Kd7
51.Kb4 Kc7 52.Ba2 Kb7 53.Kc3 Kc7 54.Kb4 Kd7 55.Bb1 Ke7 56.Bxg6  1/2-1/2

[Event "FSFMA2 October 2012"]
[Site "Budapest HUN"]
[Date "2012.10.13"]
[Round "7.1"]
[White "Simkin,A"]
[Black "Laza,S"]
[Result "0-1"]
[WhiteElo "1871"]
[BlackElo "2005"]

1.d4 d5 2.c4 c6 3.Nf3 Nf6 4.Nc3 e6 5.Bf4 dxc4 6.a4 Nd5 7.Bd2 c5 8.dxc5 Bxc5
9.e4 Nxc3 10.Bxc3 Qb6 11.Qc2 O-O 12.Bxc4 Nc6 13.a5 Qc7 14.O-O Rd8 15.b3 Nb4
16.Qb2 Bf8 17.Be5 Qe7 18.Qe2 f6 19.Bc3 Kh8 20.e5 f5 21.Bd2 h6 22.g3 Qf7 23.Nh4 Nc2
24.Rad1 Nd4 25.Qe3 g5 26.Ng2 Be7 27.Bc3 Nc6 28.Rxd8+ Bxd8 29.Qd2 Bc7 30.f4 Qd7
31.Qe1 Qd8 32.b4 a6 33.Qc1 Qe7 34.Qb2 Bxa5 35.Rb1 Bc7 36.Rd1 b5 37.Be2 Bb6+
38.Kf1 Kg8 39.Bf3 Bb7 40.Rd6 Rc8 41.Qa2 Nd8 42.Bxb7 Rxc3 43.Rxb6 Rc1+ 44.Ne1 Qxb4
45.Qe2 gxf4 46.Bf3 Qc3 47.Rd6 Nf7 48.Rd1 Rxd1 49.Qxd1 fxg3 50.hxg3 Qxe5 51.Kg2 a5
52.Nd3 Qd4 53.Qe2 Ng5 54.Ne5 Nxf3 55.Nxf3 Qd5 56.Kh3 a4 57.Qe3 Qe4 58.Qc3 Qc4
59.Qe3 b4 60.Ne5 Qe4 61.Qc1 Qxe5 62.Qc8+ Kf7 63.Qd7+ Kg6 64.Qe8+ Kh7 65.Qf7+ Qg7
66.Qxe6 Qg4+ 67.Kh2 Qg6 68.Qd7+ Kh8 69.Qxa4 Qd6 70.Qa8+ Kg7 71.Qa1+ Kg6 72.Qh8 Qc5
73.Qe8+ Kf6 74.Qh8+ Ke6 75.Qxh6+ Kd5 76.Qd2+ Kc4 77.Qc2+ Kb5 78.Qd3+ Ka4
79.Qa6+ Kb3 80.Qe6+ Ka3 81.Qa6+ Kb2 82.Qf6+ Qc3 83.Qe6 b3 84.Kh3 Qc2 85.Qd7 Kb1
86.Qb5 b2 87.Qf1+ Ka2 88.Qa6+ Kb3 89.Qb5+ Kc3 90.Qc5+ Kd2 91.Qd4+ Ke1 92.Qe5+ Kf1
93.Qb5+ Kg1 94.Qb6+ Qf2  0-1

[Event "13th Liberec Open 2012"]
[Site "Liberec CZE"]
[Date "2012.10.20"]
[Round "1"]
[White "Golcman,E"]
[Black "Vaclavicek,L"]
[Result "1-0"]
[WhiteElo "2323"]
[BlackElo "1889"]

1.c4 e6 2.Nf3 d5 3.d4 c6 4.Qb3 Nf6 5.Nc3 Nbd7 6.Bf4 dxc4 7.Qxc4 Nb6 8.Qb3 Nbd5
9.Bg5 h6 10.Bh4 Qa5 11.Nd2 Be7 12.e3 Nxc3 13.bxc3 b6 14.Be2 Ba6 15.Nc4 Bxc4
16.Qxc4 Rc8 17.O-O O-O 18.Qa6 g5 19.Bg3 Ne4 20.Rfc1 Nxc3 21.Bd3 Qb4 22.Qxa7 Ra8
23.Qb7 Rxa2 24.Rxa2 Nxa2 25.Rxc6 Qe1+ 26.Bf1 Nc3 27.Rxc3 Qxc3 28.Qxe7 Ra8
29.Be5  1-0

[Event "WY BU18 2012"]
[Site "Maribor SLO"]
[Date "2012.11.09"]
[Round "2.19"]
[White "Janzelj,T"]
[Black "Petrosyan,T1"]
[Result "1/2-1/2"]
[WhiteElo "2247"]
[BlackElo "2378"]

1.d4 d5 2.c4 c6 3.Nf3 Nf6 4.Qb3 e6 5.Nc3 Be7 6.g3 O-O 7.Bg2 b6 8.O-O Ba6
9.cxd5 cxd5 10.Bg5 Nbd7 11.Rac1 Qb8 12.Rfe1 b5 13.Bxf6 Nxf6 14.Ne5 Qb7 15.Nc6 Qxc6
16.Nxd5 Qd6 17.Rc6 exd5 18.Rxd6 Bxd6 19.Bxd5 Nxd5 20.Qxd5 Rad8 21.Qb3 Rfe8
22.e4 Bf8 23.e5 Bb7 24.Qxb5 Re7 25.Qa4 Red7 26.Qb3 Bd5 27.Qe3 Be6 28.Rd1 Bc5
29.Kg2 Bxd4 30.Qf4 Bxa2 31.b4 h6 32.f3 Be6 33.Qe4 Rd5 34.Qh4 Bxe5 35.Qxd8+ Rxd8
36.Rxd8+ Kh7 37.f4 Bc7 38.Rd2 g6 39.h3 h5 40.Rc2 Bb6 41.Rd2 Kg7 42.Kh2 h4
43.Rc2 hxg3+ 44.Kxg3 Kf6 45.h4 Kf5 46.Rc3 Ke4 47.Rc1 Be3 48.Re1 Kd3 49.Kf3 Bd4
50.Rc1 Bc3 51.b5 Kd2 52.Rb1 Kc2 53.Rg1 Bd7 54.Rg5 Bf5 55.h5 Bg7 56.Rg2+ Kb3
57.Ke3 Kc4 58.Kf3 Bf8 59.Ra2 Kxb5 60.Rxa7 Be6  1/2-1/2

[Event "Malta Open 2012"]
[Site "Bugibba MLT"]
[Date "2012.11.18"]
[Round "1"]
[White "Mirzoev,A"]
[Black "Baierlein,M"]
[Result "1-0"]
[WhiteElo "2555"]
[BlackElo "2053"]

1.d4 Nf6 2.Nf3 d5 3.c4 e6 4.Nc3 c6 5.Qb3 a6 6.Bg5 Be7 7.e3 b5 8.c5 a5 9.Qc2 Nbd7
10.h3 Nh5 11.h4 h6 12.Bf4 Nxf4 13.exf4 Ba6 14.O-O-O a4 15.a3 b4 16.axb4 Bxf1
17.Rhxf1 Qb8 18.g3 Qxb4 19.Na2 Qa5 20.Rfe1 O-O 21.Re3 Rfb8 22.Ra3 Rb5 23.Rdd3 Nxc5
24.dxc5 Bxc5 25.Rac3 Rab8 26.Ne5 R8b7 27.Rd2 a3 28.b3 d4 29.Rcd3 Bb4 30.Re2 Bc3
31.Nc4 Qa6 32.Nxc3 dxc3 33.Rd8+  1-0

[Event "VIII Governor's Cup B"]
[Site "Khanty-Mansiysk RUS"]
[Date "2012.11.19"]
[Round "4"]
[White "Lev,N"]
[Black "Chekletsov,Egor"]
[Result "1/2-1/2"]
[WhiteElo "1722"]
[BlackElo "1867"]

1.Nf3 Nf6 2.d4 d5 3.Bf4 e6 4.c4 c6 5.Nc3 Bd6 6.Bxd6 Qxd6 7.e3 Nbd7 8.cxd5 exd5
9.Bd3 O-O 10.O-O Re8 11.Qc2 Qe7 12.Rab1 Ne4 13.Nd2 Ndf6 14.Rbe1 Nxd2 15.Qxd2 Ne4
16.Qc2 Bf5 17.f3 Nxc3 18.Qxc3 Bxd3 19.Qxd3 h6 20.e4 dxe4 21.fxe4 Rad8 22.Qc4 Qe6
23.d5 cxd5 24.exd5 Qxe1 25.Rxe1 Rxe1+ 26.Kf2 Re5 27.d6 Rxd6 28.Qc8+ Kh7 29.Qc2+ Kg8  1/2-1/2

[Event "4th London Classic Open"]
[Site "London ENG"]
[Date "2012.12.07"]
[Round "7"]
[White "Tortolero,Cesar"]
[Black "Bratteteig,Tore-Inge"]
[Result "1-0"]
[WhiteElo "1926"]
[BlackElo "1684"]

1.d4 d5 2.Nf3 e6 3.c4 Nf6 4.Nc3 c6 5.Bf4 Bd6 6.Ne5 Qe7 7.e3 O-O 8.Qc2 Nbd7
9.Bd3 dxc4 10.Bxc4 h6 11.O-O Nb6 12.Be2 Nbd5 13.Bg3 Nd7 14.e4 Nxc3 15.bxc3 Nxe5
16.dxe5 Bc5 17.Rfd1 b5 18.Rd2 Rd8 19.Rad1 Rxd2 20.Qxd2 Kf8 21.Kh1 Ke8 22.f4 Bd7
23.Qe1 a5 24.Bf3 b4 25.f5 Ra7 26.Bh4 Qf8 27.fxe6 fxe6 28.Bh5+  1-0

[Event "III ITT JAHV McGREGOR"]
[Site "Bogota COL"]
[Date "2012.12.12"]
[Round "1.54"]
[White "Verastegui,Fernando"]
[Black "Diaz Herrera,L"]
[Result "1-0"]
[WhiteElo "2077"]
[BlackElo "1950"]

1.d4 d5 2.c4 c6 3.Nc3 Nf6 4.Nf3 e6 5.Bf4 Nbd7 6.e3 dxc4 7.Bxc4 b5 8.Bd3 Bb7
9.O-O a6 10.Qe2 Be7 11.Rfd1 O-O 12.Rac1 Qb6 13.e4 c5 14.d5 c4 15.Bb1 Bc5
16.h3 Rfe8 17.Qc2 e5 18.Bh2 Bd4 19.Qd2 b4 20.Na4 Qb5 21.b3 c3 22.Qd3 Qxd3
23.Bxd3 Ba7 24.a3 Bxd5 25.exd5 e4 26.Bxa6 exf3 27.Bb7 Bxf2+ 28.Kxf2 Re2+
29.Kxf3 Rae8 30.Rd3 g5 31.axb4 h5 32.Bc7 g4+ 33.hxg4 hxg4+ 34.Kg3 Ne4+ 35.Kh2 Nf2
36.Rdxc3 Kg7 37.Kg1 Rh8 38.Bh2 Ne4 39.Rd3 f5 40.Nc3 Nxc3 41.Rdxc3 Kg6 42.Bf4 Nf6
43.d6 Nh5 44.Rf1 Nxf4 45.Rxf4 Rd2 46.Bc8 Rxd6 47.Bxf5+ Kg5 48.Rf1 Kh4 49.Be4 Re8
50.g3+ Kg5 51.Rc5+ Kh6 52.Rc6  1-0

[Event "Prague Open A 2013"]
[Site "Prague CZE"]
[Date "2013.01.11"]
[Round "3.20"]
[White "Volodin,V"]
[Black "Matsenko,S"]
[Result "0-1"]
[WhiteElo "2200"]
[BlackElo "2460"]

1.Nf3 d5 2.d4 Nf6 3.c4 c6 4.Nc3 e6 5.Qb3 dxc4 6.Qxc4 b5 7.Qb3 Nbd7 8.g3 b4
9.Na4 Ba6 10.Bg2 Qa5 11.Ne5 Nxe5 12.dxe5 Nd5 13.a3 Bb5 14.axb4 Bxb4+ 15.Kf1 O-O
16.Be4 Nb6 17.Nxb6 Qxa1 18.Nxa8 Qxc1+ 19.Kg2 Qc5 20.Nc7 Bxe2 21.Ra1 a5 22.Nxe6 Qxe5
23.Bxh7+ Kxh7 24.Nxf8+ Bxf8 25.Qxf7 Bb4 26.Qb3 Qd5+ 27.Qxd5 cxd5 28.f3 d4
29.Kf2 Bb5 30.Rd1 a4 31.Rxd4 Bc5 32.Ke3 Kg6 33.f4 Kf5 34.h3 Bf1 35.g4+ Kf6
36.h4 Be2 37.g5+ Kf5 38.Kxe2 Bxd4 39.Kf3 Bxb2  0-1

[Event "TCh-AUT 2 West 2012-13"]
[Site "Bregenz AUT"]
[Date "2013.01.13"]
[Round "8.1"]
[White "Schmidt,Geo"]
[Black "Bertagnolli,A"]
[Result "1/2-1/2"]
[WhiteElo "2347"]
[BlackElo "2352"]

1.Nf3 Nf6 2.c4 e6 3.Nc3 d5 4.d4 c6 5.Qb3 Be7 6.g3 O-O 7.Bg2 Ne4 8.Be3 f5
9.O-O Nd7 10.Nxe4 fxe4 11.Nd2 Qb6 12.f3 exf3 13.Nxf3 Bf6 14.Rad1 Qa6 15.cxd5 exd5
16.Rde1 Re8 17.Bg5 Qb6 18.Qd3 Ne5 19.Nxe5 Bxg5 20.Kh1 Bf6 21.e4 Be6 22.exd5 cxd5
23.Re2 Re7 24.Rfe1 Rae8 25.Qd2 Kh8 26.g4 Bg8 27.Qf4 Bxe5 28.dxe5 d4 29.b3 d3
30.Rd2 Qb5 31.Qg3 Rxe5 32.Rxe5 Rxe5 33.Rxd3 Qe8 34.h3 Re1+ 35.Kh2 Re2 36.a3 Bf7
37.Rf3 b6 38.b4 h6 39.Rf2 Re3 40.Rf3 Re2  1/2-1/2

[Event "11th Gibraltar Masters"]
[Site "Caleta ENG"]
[Date "2013.01.22"]
[Round "1.71"]
[White "Sachdev,T"]
[Black "Skrabakova,Katarina"]
[Result "1-0"]
[WhiteElo "2403"]
[BlackElo "1991"]

1.d4 Nf6 2.c4 e6 3.Nf3 d5 4.Nc3 c6 5.Qb3 dxc4 6.Qxc4 b5 7.Qd3 Bb7 8.e4 b4
9.Na4 Qa5 10.b3 Nbd7 11.Be3 Be7 12.Nd2 Rc8 13.f3 O-O 14.Nc4 Qc7 15.Qd2 Nh5
16.g4 Bh4+ 17.Kd1 Nhf6 18.Bf4 Qd8 19.Nd6 Rb8 20.Nxb7 Rxb7 21.Ba6 Rc7 22.Bxc7 Qxc7
23.Ke2 e5 24.Qxb4 exd4 25.Qxd4 Nxg4 26.Rad1 Nf2 27.Qxd7 Qxd7 28.Rxd7 Nxh1
29.Rxa7  1-0

[Event "Marianske Lazne Open 2013"]
[Site "Marianske Lazne CZE"]
[Date "2013.01.23"]
[Round "6.12"]
[White "Volodin,V"]
[Black "Jensen,Le1"]
[Result "1-0"]
[WhiteElo "2200"]
[BlackElo "2019"]

1.Nf3 d5 2.d4 c6 3.c4 Nf6 4.Nc3 e6 5.Qb3 Qb6 6.c5 Qxb3 7.axb3 Ne4 8.Bf4 Nd7
9.b4 b5 10.e3 Nxc3 11.bxc3 Be7 12.Bd3 Bd8 13.Kd2 f6 14.g4 Kf7 15.e4 Bb7 16.e5 a5
17.bxa5 Rxa5 18.exf6 gxf6 19.h4 e5 20.Bf5 Nxc5 21.dxc5 exf4 22.Nd4 Bc7 23.Rxa5 Bxa5
24.Ra1 Ra8 25.Nb3 Bd8 26.Rxa8 Bxa8 27.Bxh7 Bb7 28.Bf5 Bc7 29.h5 Kg7 30.Nd4 Be5
31.Ne6+ Kh6 32.Nd8 Ba8 33.Nf7+ Kg7 34.Nxe5 fxe5 35.g5 e4 36.h6+ Kf7 37.g6+ Kf6
38.g7 Kf7 39.Bh7  1-0

[Event "Bundesliga 2012-13"]
[Site "Berlin GER"]
[Date "2013.02.03"]
[Round "8"]
[White "Sanikidze,T"]
[Black "Maksimenko,An"]
[Result "1/2-1/2"]
[WhiteElo "2580"]
[BlackElo "2547"]

1.d4 Nf6 2.c4 e6 3.Nf3 d5 4.Nc3 c6 5.Qb3 dxc4 6.Qxc4 b5 7.Qd3 a6 8.Bg5 c5
9.e4 cxd4 10.Nxd4 b4 11.Nd1 Nbd7 12.Nb3 a5 13.Ne3 Ba6 14.Nc4 Be7 15.Be2 a4
16.Nbd2 O-O 17.O-O h6 18.Bf4 e5 19.Bg3 Bc5 20.Nf3 Qe7 21.Qc2 Rfc8 22.b3  1/2-1/2

[Event "Aeroflot Open Rapid Qualifier 2013"]
[Site "Moscow RUS"]
[Date "2013.02.13"]
[Round "5.11"]
[White "Tregubov,P"]
[Black "Kasimdzhanov,R"]
[Result "1/2-1/2"]
[WhiteElo "2611"]
[BlackElo "2709"]

1.d4 d5 2.c4 e6 3.Nf3 Nf6 4.Nc3 c6 5.Qb3 Nbd7 6.Bg5 h6 7.Bh4 Be7 8.e3 O-O
9.Bd3 b6 10.cxd5 exd5 11.Qc2 Bb7 12.O-O Re8 13.Bg3 Nh5 14.Be5 Nhf6 15.Rad1 Bf8
16.Bg3 Nh5 17.Ne5 Nxe5 18.Bxe5 Nf6 19.h3 a6 20.e4 dxe4 21.Nxe4 Nd5 22.Qb3 c5
23.Bb1 cxd4 24.Bxd4 Qh4 25.Qd3 g6 26.a3 Re6 27.f3 Rd8 28.Bf2 Qe7 29.Ba2 Bg7
30.Nc3 Red6 31.Bxd5 Bxd5 32.Nxd5 Rxd5 33.Qxd5 Rxd5 34.Rxd5 Bxb2 35.Bxb6 Qxa3
36.Rfd1 Bf6 37.Bd4 Bxd4+ 38.R5xd4 Kg7 39.Kh1 h5 40.Rd7 Qa4 41.R1d4 Qa1+ 42.Kh2 a5
43.Re4 Qc1 44.Ra7 Qd2 45.Ra6 g5 46.Ra4 f6 47.Ra1 g4 48.fxg4 hxg4 49.R6xa5 Qf4+
50.Kh1 gxh3 51.R5a2 hxg2+ 52.Rxg2+ Kf7 53.Raa2 Qh4+ 54.Kg1 Qd4+ 55.Kh1 f5
56.Raf2 Kf6 57.Rf1 Qe4 58.Kg1  1/2-1/2

[Event "Reykjavik Open 2013"]
[Site "Reykjavik ISL"]
[Date "2013.02.20"]
[Round "2.21"]
[White "Esen,B"]
[Black "Thompson,I"]
[Result "1-0"]
[WhiteElo "2565"]
[BlackElo "2260"]

1.d4 d5 2.Nf3 Nf6 3.c4 c6 4.Nc3 e6 5.Qb3 Nbd7 6.Bg5 h6 7.Bh4 Be7 8.e3 O-O
9.Rc1 b6 10.cxd5 exd5 11.Bd3 Bb7 12.O-O c5 13.dxc5 Nxc5 14.Qc2 Nfe4 15.Bxe7 Qxe7
16.Nd4 Rac8 17.Qe2 Nxd3 18.Qxd3 Qf6 19.Nce2 Nc5 20.Qa3 a5 21.Rfd1 Rfd8 22.Nf4 Ne4
23.Nf3 g5 24.Nh5 Qd6 25.Qd3 Qg6 26.Ng3 Qf6 27.Qb5 Nxg3 28.hxg3 Qd6 29.Nd4 Rc5
30.Rxc5 Qxc5 31.Qxc5 bxc5 32.Nb3 c4 33.Nxa5 Ba8 34.e4 d4 35.f3 f5 36.exf5 c3
37.bxc3 Rd5 38.Nb3 dxc3 39.Rc1 Rd3 40.Nc5 Rd2 41.Rxc3 Rxa2 42.g4 Bd5 43.Rd3 Bf7
44.Rd6 Kg7 45.Rd7 Kg8 46.Ne4 Ra6 47.Nd6 Bb3 48.f6 Rxd6 49.Rxd6 Kf7 50.Kf2 Be6
51.Ke3 Kxf6 52.Ke4  1-0

[Event "29th Open"]
[Site "Cappelle la Grande FRA"]
[Date "2013.03.01"]
[Round "8.19"]
[White "Petkov,V"]
[Black "Blomqvist,E"]
[Result "1-0"]
[WhiteElo "2559"]
[BlackElo "2465"]

1.d4 d5 2.c4 e6 3.Nf3 Nf6 4.Nc3 c6 5.Qb3 dxc4 6.Qxc4 b5 7.Qd3 a6 8.Bg5 c5
9.a4 cxd4 10.Nxd4 b4 11.Ne4 Be7 12.Rd1 Bb7 13.Bxf6 gxf6 14.Qf3 Bd5 15.Nf5 Nd7
16.Ned6+ Bxd6 17.Nxd6+ Kf8 18.Rxd5 exd5 19.Qxd5 Ke7 20.Nf5+ Ke8 21.Qe4+ Ne5
22.f4  1-0

[Event "2nd Jan Van Leeuwen Memorial"]
[Site "Ghent BEL"]
[Date "2013.04.30"]
[Round "6.10"]
[White "Dhooge,Achiel"]
[Black "Sterckx,Pieter"]
[Result "1/2-1/2"]
[WhiteElo "1658"]
[BlackElo "1705"]

1.d4 Nf6 2.c4 c6 3.Nf3 d5 4.Nc3 e6 5.Bf4 Nbd7 6.e3 Nh5 7.Bg3 g6 8.Bd3 Nxg3
9.hxg3 Bg7 10.cxd5 exd5 11.Qc2 Nf6 12.Ne2 Qe7 13.O-O Ng4 14.Rae1 Be6 15.Nf4 O-O
16.Nh2 Nh6 17.Nf3 Ng4 18.Nh2 Nh6 19.Nf3 Qd6 20.b3 Rac8 21.Rc1 Nf5 22.Nxe6 fxe6
23.Bxf5 Rxf5 24.Rfe1 e5 25.dxe5 Bxe5 26.Nxe5 Rxe5 27.Rcd1 Qe6 28.Qc3 b6 29.a3 a5
30.Re2 Qe7 31.Qb2 Qg7 32.Rd4 Rce8 33.b4 axb4 34.axb4 Re4 35.Red2 Rxd4 36.Rxd4 c5
37.bxc5 bxc5 38.Rd2 Qxb2 39.Rxb2 d4 40.exd4 cxd4 41.Kf1 Kg7 42.Re2 Rd8 43.Ke1 Kf6
44.Kd2 h5 45.Kd3 Kf5 46.Re4 g5 47.Rxd4 Ra8 48.Ke3 Ra3+ 49.Rd3 Ra4 50.Rd5+ Kf6
51.Rd4 Ra3+ 52.Rd3 Ra2 53.Rd2  1/2-1/2